Dokáže Slovensko vyriešiť dôchodkové a odvodové rébusy?
Problém v neschopnoti dôchodkových systémov vyplácať dôchodky z odvodov odvádzaných z priebežných penzijných systémov. Demografický problém a znižujúci sa počet pracujúcich odvádzajúcich odvody do verejných penzijných fondov. Portfólia správcovských spoločností a zvyšovanie inflácie. Budúcnosť a rie...
Na minha lista:
| Autor principal: | |
|---|---|
| Formato: | Capítulo de Livro |
| Idioma: | eslovaco |
| Assuntos: | |
| Tags: |
Sem tags, seja o primeiro a adicionar uma tag!
|
MARC
| LEADER | 00000naa a2200000 4500 | ||
|---|---|---|---|
| 001 | 0128099 | ||
| 005 | 20240502072448.6 | ||
| 041 | 0 | |a slo | |
| 044 | |a SK | ||
| 245 | 1 | 0 | |a Dokáže Slovensko vyriešiť dôchodkové a odvodové rébusy? |c Ľuboš Pavelka |
| 520 | |a Problém v neschopnoti dôchodkových systémov vyplácať dôchodky z odvodov odvádzaných z priebežných penzijných systémov. Demografický problém a znižujúci sa počet pracujúcich odvádzajúcich odvody do verejných penzijných fondov. Portfólia správcovských spoločností a zvyšovanie inflácie. Budúcnosť a riešenie dôchodkových systémov. | ||
| 610 | 2 | 0 | |a Slovensko |
| 610 | 2 | 0 | |a Európska únia |
| 610 | 2 | 0 | |a systémy dôchodkové |
| 610 | 2 | 0 | |a zabezpečenie dôchodkové |
| 610 | 2 | 0 | |a dávky zabezpečenia dôchodkového |
| 610 | 2 | 0 | |a spoločnosti správcovské dôchodkové |
| 610 | 2 | 0 | |a fond poistenia dôchodkového |
| 610 | 2 | 0 | |a fondy penzijné |
| 610 | 2 | 0 | |a ukazovatele demografické |
| 100 | 1 | |a Pavelka, Ľuboš, 1962- | |